00552 2200205 4500001002100000005001500021035002000036007000300056008004100059020002200100082001300122084001900135100001800154245005700172250001000229260004500239300003200284650002000316990001000336INLIS00000000000150020180208023921 a0010-0218000095ta180208 g 0 ind  a978-602-03-2809-6 a899.2213 a899.2213 IND l0 aINDAH, Hanaco1 aLove In Auckland :bAround The World /cIndah Hanaco acet.1 aJakarta :bGramedia Pustaka Utama,c2016 aiv, 206 Hlm ;c13,5 x 20 cm aFIKSI INDONESIA a16020